[Event "Rated Blitz game"]
[Site "?"]
[Date "2021.05.01"]
[Round "?"]
[White "Zdorovan"]
[Black "annaly1979"]
[Result "0-1"]
[WhiteElo "2428"]
[BlackElo "2413"]
[PlyCount "36"]
[EventDate "2021.??.??"]
[EventType "blitz"]

1. e4 e5 2. Nf3 d5 3. exd5 e4 4. Qe2 f5 5. Nc3 Nf6 6. d3 Bb4 7. dxe4 Bxc3+ 8.
bxc3 fxe4 9. Nd4 O-O 10. c4 c5 11. Nb3 Bf5 12. Bb2 Bg6 13. h3 Nbd7 14. g4 e3
15. fxe3 Ne4 16. Qg2 Qh4+ 17. Kd1 Nf2+ 18. Kc1 Be4 {Normal} 0-1

[Event "Rated Blitz game"]
[Site "?"]
[Date "2021.05.01"]
[Round "?"]
[White "rafael199"]
[Black "femix_123-abuja"]
[Result "1-0"]
[WhiteElo "2415"]
[BlackElo "2240"]
[PlyCount "93"]
[EventDate "2021.??.??"]
[EventType "blitz"]

1. e4 e5 2. Nf3 d5 3. exd5 e4 4. Qe2 Qxd5 5. Nc3 Qe6 6. Qxe4 Nf6 7. Qxe6+ Bxe6
8. Bb5+ c6 9. Be2 Nbd7 10. O-O Bc5 11. d4 Bb4 12. Nd1 O-O 13. c3 Bd6 14. h3 Nd5
15. Ne3 Nf4 16. Bc4 Nf6 17. Bxe6 fxe6 18. Nc4 Bc7 19. Re1 Rae8 20. Nce5 Bxe5
21. Nxe5 N6d5 22. Bxf4 Nxf4 23. Re3 Nd5 24. Re2 Rf6 25. Rae1 Nf4 26. Re3 Nd5
27. Re4 h6 28. g3 Re7 29. Ng4 Rg6 30. Ne3 Nxe3 31. R1xe3 Kf7 32. Kg2 Rf6 33. f4
b6 34. Re5 Rc7 35. Kf3 g6 36. g4 c5 37. dxc5 g5 38. R3e4 bxc5 39. Kg3 gxf4+ 40.
Rxf4 c4 41. Ree4 Rxf4 42. Kxf4 Ke7 43. h4 Rb7 44. Rxc4 Rxb2 45. Rc7+ Kf6 46.
Rxa7 Rc2 47. Ra3 {Time forfeit} 1-0

[Event "Rated Blitz tournament 4DwHcAHV"]
[Site "?"]
[Date "2021.05.01"]
[Round "?"]
[White "Shah-gulyi"]
[Black "Arkadag2020"]
[Result "0-1"]
[WhiteElo "2310"]
[BlackElo "2548"]
[PlyCount "74"]
[EventDate "2021.??.??"]
[EventType "blitz"]

1. e4 e5 2. Nf3 d5 3. Nxe5 Bd6 4. d4 Nf6 5. exd5 O-O 6. Be2 Nxd5 7. O-O c5 8.
c3 cxd4 9. cxd4 Nc6 10. Bf3 Be6 11. Nxc6 bxc6 12. Nc3 Re8 13. Nxd5 Bxd5 14. Be3
Rb8 15. Bxd5 cxd5 16. b3 Re4 17. Qf3 Qd7 18. Rac1 Rbe8 19. Rc2 f5 20. Bc1 Bb8
21. g3 f4 22. Ba3 Qh3 23. Qg2 Qf5 24. f3 Re1 25. Rcf2 fxg3 26. hxg3 R1e6 27.
Bc5 Bxg3 28. Qxg3 Rg6 29. Rg2 Rxg3 30. Rxg3 Qf4 31. Rg2 Re6 32. Bxa7 Ra6 33.
Bc5 Qe3+ 34. Rff2 Rxa2 35. b4 Ra1+ 36. Kh2 Qf4+ 37. Rg3 Qh4+ {Normal} 0-1

[Event "Rated Blitz game"]
[Site "?"]
[Date "2021.05.01"]
[Round "?"]
[White "Amir_iranian"]
[Black "vvvche83"]
[Result "1-0"]
[WhiteElo "2512"]
[BlackElo "2424"]
[PlyCount "87"]
[EventDate "2021.??.??"]
[EventType "blitz"]

1. e4 e5 2. Nf3 d5 3. Nc3 d4 4. Ne2 d3 5. cxd3 Nc6 6. Nc3 Bc5 7. b3 Nf6 8. h3
a5 9. Bb2 h6 10. Na4 Bd6 11. Qc2 O-O 12. a3 Re8 13. Be2 Bd7 14. Nc5 Bc8 15. O-O
Qe7 16. Na4 Bd7 17. Rfc1 b6 18. Nc3 Nd4 19. Nxd4 exd4 20. Na4 Qe5 21. g3 Bxh3
22. f4 Qe7 23. Bxd4 h5 24. e5 Nd7 25. Bf3 Nxe5 26. fxe5 Qg5 27. Kf2 Rxe5 28.
Bxe5 Bxe5 29. Rg1 Bd4+ 30. Ke2 Re8+ 31. Be4 f5 32. Qc4+ Kh8 33. Qxd4 fxe4 34.
dxe4 Qg4+ 35. Kd3 Re6 36. Kc2 Rd6 37. Qe3 Qd7 38. Nc3 b5 39. Nd5 c6 40. Nf4 Bg4
41. d3 Qf7 42. Kb2 a4 43. d4 Rxd4 44. Qxd4 {Time forfeit} 1-0

[Event "Rated Blitz game"]
[Site "?"]
[Date "2021.05.01"]
[Round "?"]
[White "TheMa"]
[Black "SkinTheCat"]
[Result "0-1"]
[WhiteElo "2521"]
[BlackElo "2382"]
[PlyCount "26"]
[EventDate "2021.??.??"]
[EventType "blitz"]

1. e4 e5 2. Nf3 d5 3. Nc3 dxe4 4. Nxe4 f5 5. Nxe5 Qd4 6. Qh5+ g6 7. Nxg6 hxg6
8. Qxg6+ Kd8 9. Ng5 Ne7 10. Nf7+ Ke8 11. Nd6+ Kd7 12. Qe8+ Kxd6 13. Qxc8 Nxc8 {
Normal} 0-1

[Event "Rated Blitz game"]
[Site "?"]
[Date "2021.05.01"]
[Round "?"]
[White "DBBM"]
[Black "vvvche83"]
[Result "1-0"]
[WhiteElo "2549"]
[BlackElo "2422"]
[PlyCount "73"]
[EventDate "2021.??.??"]
[EventType "blitz"]

1. e4 e5 2. Nf3 d5 3. Nxe5 dxe4 4. d4 Nd7 5. Nxd7 Bxd7 6. Nc3 Nf6 7. Bg5 Bb4 8.
Bc4 O-O 9. O-O Re8 10. Nd5 Be7 11. Nxe7+ Qxe7 12. c3 Qd6 13. h3 Be6 14. Qb3
Bxc4 15. Qxc4 c6 16. Rfe1 Nd5 17. Rad1 h6 18. Bh4 f5 19. Qb3 Kh8 20. c4 Ne7 21.
Bg3 f4 22. Bh2 Ng6 23. Qc2 Qe6 24. d5 cxd5 25. cxd5 Qf5 26. f3 Rac8 27. Qb1 Qg5
28. Rxe4 Rxe4 29. Qxe4 Nh4 30. Qe2 Nf5 31. d6 Ne3 32. d7 Rd8 33. Rd3 Qc5 34.
Kh1 g5 35. Bg1 Qc1 36. Rd6 Kg7 37. Qd3 {Normal} 1-0

[Event "Rated Blitz game"]
[Site "?"]
[Date "2021.05.01"]
[Round "?"]
[White "Sergio_Trigo"]
[Black "annaly1979"]
[Result "1-0"]
[WhiteElo "2434"]
[BlackElo "2381"]
[PlyCount "129"]
[EventDate "2021.??.??"]
[EventType "blitz"]

1. e4 e5 2. Nf3 d5 3. d3 dxe4 4. dxe4 Qxd1+ 5. Kxd1 Bg4 6. h3 Bxf3+ 7. gxf3 Nc6
8. Be3 f6 9. c3 Nge7 10. Kc2 Ng6 11. Nd2 a6 12. a4 Bd6 13. Nc4 Ke7 14. Be2 Rad8
15. a5 Ke6 16. h4 Nf4 17. Bf1 h5 18. Rg1 Kf7 19. Bxf4 exf4 20. Nxd6+ cxd6 21.
Bc4+ Kf8 22. Rad1 Ne5 23. Be2 Kf7 24. Rd4 g6 25. Rgd1 Ke7 26. Rb4 Rd7 27. c4
Rc8 28. Kb3 g5 29. Rg1 Rg8 30. Rb6 g4 31. Kc3 Rg6 32. Kd2 gxf3 33. Rxg6 Nxg6
34. Bxf3 Nxh4 35. Bxh5 Ke6 36. Bg4+ f5 37. exf5+ Nxf5 38. Kd3 Ke5 39. Bxf5 Kxf5
40. Kd4 Kg4 41. Rb3 Rc7 42. Rd3 Rc5 43. b4 Re5 44. c5 Re6 45. Kd5 Kf5 46. cxd6
Re5+ 47. Kc4 Re4+ 48. Rd4 Re8 49. d7 Rd8 50. Kc5 Ke6 51. Kb6 Rxd7 52. Rxd7 Kxd7
53. Kxb7 Kd6 54. Kxa6 Kd5 55. Kb6 Ke4 56. a6 Kf3 57. a7 Kxf2 58. a8=Q f3 59.
Qxf3+ Kxf3 60. Kc5 Ke4 61. b5 Ke5 62. b6 Ke6 63. Kc6 Ke7 64. b7 Kd8 65. b8=Q+ {
Normal} 1-0

[Event "Rated Blitz game"]
[Site "?"]
[Date "2021.05.01"]
[Round "?"]
[White "mrkica1964"]
[Black "vvvche83"]
[Result "0-1"]
[WhiteElo "2509"]
[BlackElo "2404"]
[PlyCount "62"]
[EventDate "2021.??.??"]
[EventType "blitz"]

1. e4 e5 2. Nf3 d5 3. exd5 e4 4. Qe2 Be7 5. Qxe4 Nf6 6. Qa4+ c6 7. dxc6 O-O 8.
d4 Nxc6 9. c3 Re8 10. Be2 Bd6 11. Qc2 Qe7 12. Bg5 Bf5 13. Qd1 h6 14. Bxf6 gxf6
15. Kf1 Rad8 16. Nbd2 Bf4 17. h3 Kh8 18. g3 Bc7 19. Bb5 Qe6 20. Bc4 Qd7 21. Kg2
Rg8 22. Nh4 Bh7 23. Qh5 Qd6 24. Qf3 Rg7 25. Rhe1 Nxd4 26. cxd4 Qxd4 27. Rad1
Qxh4 28. Nf1 Qxc4 29. Rxd8+ Bxd8 30. Re8+ Rg8 31. Rxd8 Be4 {Normal} 0-1

[Event "Rated Blitz game"]
[Site "?"]
[Date "2021.05.01"]
[Round "?"]
[White "Jazzyjef"]
[Black "vvvche83"]
[Result "1-0"]
[WhiteElo "2551"]
[BlackElo "2417"]
[PlyCount "93"]
[EventDate "2021.??.??"]
[EventType "blitz"]

1. e4 e5 2. Nf3 d5 3. Nc3 d4 4. Ne2 d3 5. Ng3 dxc2 6. Qxc2 Bd6 7. Bc4 Nc6 8.
O-O Nf6 9. d4 O-O 10. d5 Nb8 11. Bg5 h6 12. Be3 Bg4 13. Nd2 Nh5 14. f3 Nxg3 15.
hxg3 Bc8 16. g4 Nd7 17. Nb3 Qh4 18. Rac1 a5 19. a4 b6 20. Bb5 Nf6 21. Qf2 Qxf2+
22. Kxf2 Bd7 23. Bxd7 Nxd7 24. Rc2 f6 25. Rfc1 Kf7 26. Rc6 Nb8 27. Rxc7+ Bxc7
28. Rxc7+ Kg6 29. Bxb6 Na6 30. Rc4 Rab8 31. Rc6 Nb4 32. Re6 Rfc8 33. Nxa5 Rc2+
34. Kg3 Nd3 35. b3 Ne1 36. Nc4 Nxg2 37. Nxe5+ Kh7 38. Nd7 Rbc8 39. a5 R8c3 40.
a6 Ne1 41. Nxf6+ gxf6 42. Rxf6 Rg2+ 43. Kh3 Nxf3 44. Kxg2 Nh4+ 45. Kf2 Rxb3 46.
Ke2 Ra3 47. Bd4 {Time forfeit} 1-0

[Event "Rated Blitz game"]
[Site "?"]
[Date "2021.05.01"]
[Round "?"]
[White "Buchi"]
[Black "annaly1979"]
[Result "1-0"]
[WhiteElo "2423"]
[BlackElo "2408"]
[PlyCount "49"]
[EventDate "2021.??.??"]
[EventType "blitz"]

1. e4 e5 2. Nf3 d5 3. Nxe5 Qe7 4. Nf3 dxe4 5. Nd4 f5 6. Nc3 Nf6 7. Be2 c5 8.
Nb3 Nc6 9. O-O Be6 10. d3 O-O-O 11. Be3 c4 12. Nc5 Bf7 13. b4 cxb3 14. axb3 f4
15. Nxb7 fxe3 16. Nxd8 Qxd8 17. fxe3 Bc5 18. d4 Bb6 19. Na4 Kc7 20. Nxb6 axb6
21. c4 h5 22. b4 Ng4 23. c5 Nxe3 24. Rxf7+ Kb8 25. Qa4 {Normal} 1-0

[Event "Rated Blitz game"]
[Site "?"]
[Date "2021.05.01"]
[Round "?"]
[White "MrPilsner"]
[Black "eltiojuanbruno2"]
[Result "1-0"]
[WhiteElo "2510"]
[BlackElo "2408"]
[PlyCount "67"]
[EventDate "2021.??.??"]
[EventType "blitz"]

1. e4 e5 2. Nf3 d5 3. exd5 e4 4. Qe2 Nf6 5. Nc3 Bf5 6. Nd4 Bg6 7. Qb5+ Nbd7 8.
Qxb7 Bd6 9. Nc6 Qc8 10. Ba6 Qxb7 11. Bxb7 O-O 12. Bxa8 Rxa8 13. O-O Nb6 14. b3
Nbxd5 15. Nxd5 Nxd5 16. Bb2 a5 17. a4 Nb4 18. Nxb4 Bxb4 19. Bc3 Bd6 20. Rae1 f5
21. f3 exf3 22. Rxf3 f4 23. d3 Bf5 24. Be5 g5 25. Bxd6 cxd6 26. g3 Bg4 27. Rf2
f3 28. h3 Bxh3 29. Rxf3 Rc8 30. Rf2 h5 31. Re7 h4 32. gxh4 g4 33. Kh2 Rc5 34.
Kg3 {Normal} 1-0

[Event "Rated Blitz game"]
[Site "?"]
[Date "2021.05.01"]
[Round "?"]
[White "gregor20a"]
[Black "jsequera"]
[Result "1-0"]
[WhiteElo "2316"]
[BlackElo "2445"]
[PlyCount "77"]
[EventDate "2021.??.??"]
[EventType "blitz"]

1. e4 e5 2. Nf3 d5 3. exd5 e4 4. Qe2 f5 5. d3 Nf6 6. Nc3 Bb4 7. Bd2 O-O 8. Nd4
Bxc3 9. Bxc3 Nxd5 10. dxe4 Nxc3 11. Qc4+ Kh8 12. Qxc3 fxe4 13. O-O-O Qg5+ 14.
Kb1 Bg4 15. f3 exf3 16. gxf3 Bf5 17. Nxf5 Qxf5 18. Bd3 Qf6 19. Qxc7 Na6 20.
Qxb7 Rab8 21. Bxa6 Rxb7 22. Bxb7 Rb8 23. Rd7 h6 24. Rhd1 Qb6 25. R1d6 Qg1+ 26.
Rd1 Qxh2 27. Be4 Rf8 28. Rxa7 Qf4 29. a4 h5 30. Rh1 h4 31. Ra5 g5 32. Ra7 Rf6
33. Rd1 Rf7 34. Rd8+ Kg7 35. Ra6 Rf6 36. Rd7+ Kg8 37. Ra8+ Rf8 38. Raa7 Qf6 39.
Bd5+ {Time forfeit} 1-0

[Event "Rated Blitz game"]
[Site "?"]
[Date "2021.05.01"]
[Round "?"]
[White "Julkiboy"]
[Black "vvvche83"]
[Result "1-0"]
[WhiteElo "2441"]
[BlackElo "2396"]
[PlyCount "51"]
[EventDate "2021.??.??"]
[EventType "blitz"]

1. e4 e5 2. Nf3 d5 3. d4 dxe4 4. Nxe5 Nd7 5. Nxf7 Kxf7 6. Bc4+ Ke8 7. Nc3 Ngf6
8. O-O Bb4 9. Nd5 Nb6 10. Nxf6+ Qxf6 11. Qh5+ g6 12. Qb5+ Bd7 13. Qxb4 Nxc4 14.
Qxc4 Qc6 15. Qe2 Qd5 16. Bh6 Bb5 17. Qg4 Bxf1 18. Rxf1 Qf5 19. Qh4 Kf7 20. f3
e3 21. Bxe3 Rae8 22. Bf2 Re2 23. c4 h5 24. d5 Qf6 25. Qxf6+ Kxf6 26. Bd4+ {
Normal} 1-0

[Event "Rated Blitz game"]
[Site "?"]
[Date "2021.05.01"]
[Round "?"]
[White "Lesoeru"]
[Black "jsequera"]
[Result "0-1"]
[WhiteElo "2577"]
[BlackElo "2456"]
[PlyCount "40"]
[EventDate "2021.??.??"]
[EventType "blitz"]

1. e4 e5 2. Nf3 d5 3. exd5 e4 4. Qe2 f5 5. d3 Nf6 6. Nbd2 Qxd5 7. Ng5 Bb4 8. c3
O-O 9. cxb4 exd3 10. Qxd3 Re8+ 11. Kd1 Qxd3 12. Bxd3 Nc6 13. a3 Ne5 14. Bc2 h6
15. Ngf3 Neg4 16. Rf1 Ne4 17. Nxe4 fxe4 18. Nd4 Nxh2 19. Re1 Ng4 20. Rxe4 Nxf2+
{Normal} 0-1

[Event "Rated Blitz tournament 4DwHcAHV"]
[Site "?"]
[Date "2021.05.01"]
[Round "?"]
[White "Semenychev_Alexander"]
[Black "le180878na"]
[Result "1-0"]
[WhiteElo "2528"]
[BlackElo "2330"]
[PlyCount "99"]
[EventDate "2021.??.??"]
[EventType "blitz"]

1. e4 e5 2. Nf3 d5 3. exd5 e4 4. Ne5 Qxd5 5. d4 exd3 6. Nxd3 Nf6 7. Nc3 Qa5 8.
Be2 Be7 9. Bd2 O-O 10. O-O Be6 11. Bf3 c6 12. Nf4 Qc7 13. Nxe6 fxe6 14. Re1 e5
15. Qe2 Nbd7 16. Ne4 Nxe4 17. Bxe4 Rae8 18. Bc3 Bf6 19. Rad1 Kh8 20. Qh5 h6 21.
Qg6 Kg8 22. Qh7+ Kf7 23. Bg6+ Ke7 24. Bxe8 Rxe8 25. Qf5 Rf8 26. f4 Bh4 27. Qg4
Bxe1 28. Rxe1 Kd8 29. Qxg7 exf4 30. Qxh6 Qb6+ 31. Kh1 Qf2 32. Rd1 f3 33. Qxf8+
Kc7 34. Qxf3 Qc5 35. Qg3+ Kc8 36. Qd6 Qf5 37. h3 b6 38. Re1 Nc5 39. Re8+ Kb7
40. Qe7+ Ka6 41. Bd4 Na4 42. Qe2+ b5 43. Re6 Qd5 44. Bf2 Nb6 45. Bxb6 axb6 46.
Qe4 Qd1+ 47. Kh2 Qc1 48. Rxc6 Qxb2 49. Rc7 Qa3 50. Qa8# {Normal} 1-0

[Event "Rated Blitz game"]
[Site "?"]
[Date "2021.05.01"]
[Round "?"]
[White "ser_dedekind"]
[Black "Berovski"]
[Result "0-1"]
[WhiteElo "2472"]
[BlackElo "2442"]
[PlyCount "24"]
[EventDate "2021.??.??"]
[EventType "blitz"]

1. e4 e5 2. Nf3 d5 3. d4 dxe4 4. Nxe5 Bd6 5. Bf4 Nf6 6. Bc4 O-O 7. O-O Nc6 8.
Nxc6 bxc6 9. Bg5 h6 10. Bh4 c5 11. Nc3 cxd4 12. Qxd4 Bxh2+ {Normal} 0-1

[Event "Rated Blitz game"]
[Site "?"]
[Date "2021.05.01"]
[Round "?"]
[White "cingiz96"]
[Black "vvvche83"]
[Result "1-0"]
[WhiteElo "2492"]
[BlackElo "2397"]
[PlyCount "79"]
[EventDate "2021.??.??"]
[EventType "blitz"]

1. e4 e5 2. Nf3 d5 3. Nxe5 dxe4 4. d4 Nd7 5. Bf4 Ngf6 6. Nc3 Bb4 7. Bc4 O-O 8.
O-O Nb6 9. Bb3 Nbd5 10. Nxd5 Nxd5 11. Bg3 Be6 12. a3 Bd6 13. Qe2 f5 14. f4 Qe8
15. c4 Nf6 16. d5 Bd7 17. Rac1 Bc5+ 18. Bf2 Bxf2+ 19. Qxf2 Kh8 20. c5 Bb5 21.
Rfd1 Rd8 22. d6 cxd6 23. cxd6 Qh5 24. Rc3 Ng4 25. Nxg4 Qxg4 26. Rg3 Qh5 27. Rh3
Qg4 28. Qd4 Rf6 29. Qe5 Bc4 30. Rg3 Qh5 31. Qe7 Rg8 32. d7 Bxb3 33. d8=Q Qxd1+
34. Qxd1 Bxd1 35. Kf2 Bg4 36. h3 Bh5 37. Rc3 Bf7 38. Qxb7 Re8 39. Ke3 Rd6 40.
Qxf7 {Normal} 1-0

[Event "Rated Blitz game"]
[Site "?"]
[Date "2021.05.01"]
[Round "?"]
[White "Zeppski88"]
[Black "Slimslik02"]
[Result "1-0"]
[WhiteElo "2414"]
[BlackElo "2365"]
[PlyCount "57"]
[EventDate "2021.??.??"]
[EventType "blitz"]

1. e4 e5 2. Nf3 d5 3. exd5 e4 4. Ne5 Bd6 5. d4 exd3 6. Nxd3 Bf5 7. c4 Nf6 8.
Be2 Qd7 9. Nc3 Na6 10. h3 O-O-O 11. Be3 Kb8 12. O-O Rhe8 13. Bd4 Bxh3 14. c5
Bf8 15. gxh3 Qxh3 16. Bxf6 gxf6 17. Bg4 Qh4 18. Qf3 Nxc5 19. Nf4 Bd6 20. Qh3
Qg5 21. Ng2 Rg8 22. Bf3 Nd3 23. Ne4 Qe5 24. Nxd6 Nf4 25. Qh2 Rxd6 26. Kh1 Rxg2
27. Bxg2 f5 28. Rae1 Qd4 29. Re8+ {Normal} 1-0

[Event "Rated Blitz game"]
[Site "?"]
[Date "2021.05.01"]
[Round "?"]
[White "Alejandropacheco29"]
[Black "annaly1979"]
[Result "1-0"]
[WhiteElo "2488"]
[BlackElo "2411"]
[PlyCount "135"]
[EventDate "2021.??.??"]
[EventType "blitz"]

1. e4 e5 2. Nf3 d5 3. exd5 e4 4. Qe2 f5 5. d3 Nf6 6. Nbd2 Be7 7. dxe4 fxe4 8.
Nxe4 Nxe4 9. Qxe4 O-O 10. Bd3 Bf5 11. Qd4 Bd6 12. O-O Nd7 13. Bg5 Qe8 14. Bxf5
Rxf5 15. Rae1 Qh5 16. Qh4 Qg6 17. Re6 Qf7 18. c4 Rf8 19. Rfe1 Nc5 20. R6e3 Qg6
21. b4 h6 22. Be7 Bxe7 23. Qxe7 Rxf3 24. Rxf3 Rxf3 25. Qxc5 Rf7 26. h3 b6 27.
Qd4 Qc2 28. a3 h5 29. c5 b5 30. d6 cxd6 31. cxd6 Rd7 32. Re7 Rxe7 33. dxe7 Qc1+
34. Kh2 Qc7+ 35. g3 Qxe7 36. Qd5+ Qf7 37. Qxb5 Qf3 38. Qe8+ Kh7 39. Qe3 Qf7 40.
a4 a6 41. b5 axb5 42. axb5 Qb7 43. Qd3+ g6 44. Qc4 Qb6 45. Kg2 h4 46. Qc6 Qd4
47. Qc7+ Kg8 48. Qc8+ Kh7 49. Qb7+ Kg8 50. Qf3 hxg3 51. Kxg3 Qe5+ 52. Qf4 Qc3+
53. f3 Qe1+ 54. Kg4 Qe6+ 55. Kg5 Qd5+ 56. Kxg6 Qe6+ 57. Kg5 Qe7+ 58. Kg4 Qd7+
59. Qf5 Qxb5 60. Qxb5 Kf7 61. Qf5+ Ke7 62. Qg6 Kf8 63. h4 Ke7 64. h5 Kf8 65. h6
Ke7 66. h7 Kd7 67. h8=Q Ke7 68. Qhh7+ {Time forfeit} 1-0

[Event "Rated Blitz game"]
[Site "?"]
[Date "2021.05.01"]
[Round "?"]
[White "goodgame12345"]
[Black "pasha1984"]
[Result "0-1"]
[WhiteElo "2407"]
[BlackElo "2379"]
[PlyCount "126"]
[EventDate "2021.??.??"]
[EventType "blitz"]

1. e4 e5 2. Nf3 d5 3. exd5 e4 4. Ne5 Qxd5 5. d4 exd3 6. Nxd3 Bf5 7. Nc3 Qe6+ 8.
Be3 Nc6 9. Qf3 O-O-O 10. Nf4 Qd7 11. Rd1 Bd6 12. Bb5 Bg4 13. Bxc6 bxc6 14. Qe4
Bxd1 15. O-O Bxf4 16. Bxf4 Nf6 17. Qa4 Kb8 18. Nxd1 Qxd1 19. Bxc7+ Kb7 20. Bg3
Qd5 21. c4 Qc5 22. h3 Ne4 23. Bf4 Rd3 24. Qc2 Rhd8 25. a3 g5 26. Bc1 Qd4 27.
Be3 Rxe3 28. fxe3 Qxe3+ 29. Kh2 Qg3+ 30. Kg1 Qe3+ 31. Kh2 f6 32. c5 Rd2 33. Rf3
Qxf3 34. Qxd2 Nxd2 35. gxf3 Nxf3+ 36. Kg3 Nd2 37. Kf2 Ne4+ 38. Ke3 Nxc5 39. Kd4
Na4 40. Ke4 Nxb2 41. Kf5 Nc4 42. a4 Nb6 43. Kxf6 c5 44. Kxg5 c4 45. a5 c3 46.
a6+ Kxa6 47. Kh6 c2 48. Kxh7 c1=Q 49. h4 Qh1 50. Kg7 Qxh4 51. Kg6 Qc4 52. Kf5
Kb7 53. Kf6 a6 54. Ke5 a5 55. Kf5 a4 56. Ke5 a3 57. Kf5 a2 58. Ke5 a1=Q+ 59.
Kf5 Qd1 60. Kf6 Qce2 61. Kf5 Qdf1+ 62. Kg5 Qeg2+ 63. Kh5 Qfh1# {Normal} 0-1

[Event "Rated Blitz tournament 4DwHcAHV"]
[Site "?"]
[Date "2021.05.01"]
[Round "?"]
[White "chessflash88"]
[Black "Arkadag2020"]
[Result "0-1"]
[WhiteElo "2544"]
[BlackElo "2542"]
[PlyCount "59"]
[EventDate "2021.??.??"]
[EventType "blitz"]

1. e4 e5 2. Nf3 d5 3. exd5 e4 4. Qe2 Be7 5. Qxe4 Nf6 6. Qa4+ c6 7. dxc6 O-O 8.
Be2 Nxc6 9. O-O Re8 10. Bd1 Bd7 11. c3 Nb4 12. Qb3 Be6 13. Qa4 Bd7 14. Qb3 Nd3
15. Na3 Bc5 16. Bc2 Bf5 17. Bxd3 Bxd3 18. Nc4 Qc7 19. Ne3 Ne4 20. Re1 Re6 21.
Qd5 Rd8 22. Qh5 Rh6 23. Qg4 Rg6 24. Qh3 Bb6 25. a4 a5 26. c4 f5 27. Nd5 Bxf2+
28. Kh1 Rxd5 29. cxd5 Bxe1 30. Qxf5 {Normal} 0-1

[Event "Rated Blitz game"]
[Site "?"]
[Date "2021.05.01"]
[Round "?"]
[White "Capitan-FE"]
[Black "blastol"]
[Result "0-1"]
[WhiteElo "2411"]
[BlackElo "2408"]
[PlyCount "96"]
[EventDate "2021.??.??"]
[EventType "blitz"]

1. e4 e5 2. Nf3 d5 3. Nc3 dxe4 4. Nxe5 Bd6 5. Nc4 Nf6 6. d3 O-O 7. Nxd6 Qxd6 8.
dxe4 Qb4 9. Bd3 Bg4 10. f3 Bd7 11. O-O Nc6 12. a3 Qb6+ 13. Kh1 Rad8 14. Qe1
Rfe8 15. Qh4 Nd4 16. Bf4 Qxb2 17. e5 Nf5 18. Bxf5 Bxf5 19. Na4 Qd4 20. exf6
Qxa4 21. Qg3 Bg6 22. Bxc7 Rc8 23. fxg7 Qxc2 24. Bd6 Rcd8 25. h3 Qd3 26. Rad1
Qf5 27. Bb4 Kxg7 28. Bc3+ Kg8 29. Qh4 Rxd1 30. Rxd1 Rf8 31. Qh6 f6 32. Bb4 Re8
33. Rc1 Qe5 34. Rc7 Qxc7 35. Qh4 Qc1+ 36. Kh2 Qc7+ 37. f4 Re4 38. Qxf6 Qxf4+
39. Qxf4 Rxf4 40. Kg3 Rd4 41. Kf2 Rd3 42. h4 b6 43. g4 a5 44. Be7 Kf7 45. Bg5
Rxa3 46. Bd8 b5 47. h5 Be4 48. g5 a4 {Time forfeit} 0-1

[Event "Rated Blitz game"]
[Site "?"]
[Date "2021.04.30"]
[Round "?"]
[White "afchex"]
[Black "anjaya01"]
[Result "0-1"]
[WhiteElo "2437"]
[BlackElo "2415"]
[PlyCount "36"]
[EventDate "2021.??.??"]
[EventType "blitz"]

1. e4 e5 2. Nf3 d5 3. Nxe5 Bd6 4. d4 dxe4 5. Bc4 Bxe5 6. Qh5 Qxd4 7. Qxf7+ Kd8
8. O-O Bd6 9. Bg5+ Ne7 10. Nc3 Qe5 11. f4 exf3 12. Bh4 Qxh2+ 13. Kf2 Qxh4+ 14.
g3 Qd4+ 15. Kxf3 Bg4+ 16. Kg2 Nd7 17. Rad1 Qe5 18. Rde1 Qxg3+ {Normal} 0-1

[Event "Rated Blitz game"]
[Site "?"]
[Date "2021.04.30"]
[Round "?"]
[White "theken"]
[Black "annaly1979"]
[Result "1-0"]
[WhiteElo "2518"]
[BlackElo "2438"]
[PlyCount "41"]
[EventDate "2021.??.??"]
[EventType "blitz"]

1. e4 e5 2. Nf3 d5 3. exd5 e4 4. Qe2 f5 5. d3 Nf6 6. Nc3 Bb4 7. Bg5 Bxc3+ 8.
bxc3 O-O 9. dxe4 fxe4 10. Nd2 c6 11. dxc6 Nxc6 12. Qc4+ Kh8 13. Be2 Qa5 14.
Bxf6 Rxf6 15. O-O Bf5 16. Nxe4 Bxe4 17. Qxe4 Qxc3 18. Bd3 Rh6 19. Rab1 Ne5 20.
Rxb7 Nxd3 21. Rc7 {Normal} 1-0

[Event "Rated Blitz game"]
[Site "?"]
[Date "2021.04.30"]
[Round "?"]
[White "Hangover75"]
[Black "KamranShirazi"]
[Result "0-1"]
[WhiteElo "2365"]
[BlackElo "2490"]
[PlyCount "60"]
[EventDate "2021.??.??"]
[EventType "blitz"]

1. e4 e5 2. Nf3 d5 3. exd5 e4 4. Qe2 Nf6 5. Nc3 Be7 6. Nxe4 Nxd5 7. d3 O-O 8.
Be3 Re8 9. O-O-O f5 10. Nc3 Nxc3 11. bxc3 Ba3+ 12. Kd2 f4 13. Nd4 fxe3+ 14.
fxe3 Nc6 15. Nxc6 bxc6 16. g3 Be6 17. Bg2 Bd5 18. Rhf1 Qg5 19. Rf4 Bd6 20.
Bxd5+ cxd5 21. Rg4 Qh6 22. Rf1 c5 23. Qf3 d4 24. cxd4 cxd4 25. Rxd4 Qxh2+ 26.
Rf2 Qxg3 27. Qf7+ Kh8 28. Rf3 Qe5 29. Rf5 Qxe3+ 30. Kc3 Be5 {Normal} 0-1

[Event "Rated Blitz tournament ZcGjlN5C"]
[Site "?"]
[Date "2021.04.30"]
[Round "?"]
[White "HeCtOr001"]
[Black "tiberionsky"]
[Result "1/2-1/2"]
[WhiteElo "2546"]
[BlackElo "2203"]
[PlyCount "41"]
[EventDate "2021.??.??"]
[EventType "blitz"]

1. e4 e5 2. Nf3 d5 3. Nxe5 Bd6 4. d4 dxe4 5. Nc3 Bxe5 6. dxe5 Qxd1+ 7. Kxd1
Bg4+ 8. Ke1 Nc6 9. Bf4 O-O-O 10. Bc4 Nd4 11. Bb3 Ne6 12. Bg3 Bf5 13. Ke2 Ne7
14. Ke3 Bg6 15. Bxe6+ fxe6 16. Nxe4 Nd5+ 17. Kd4 Nf4+ 18. Ke3 Nd5+ 19. Kd4 Nb4+
20. Kc3 Nd5+ 21. Kd4 {Normal} 1/2-1/2

[Event "Rated Blitz game"]
[Site "?"]
[Date "2021.04.30"]
[Round "?"]
[White "MVPRodgers"]
[Black "ahoramahora"]
[Result "1-0"]
[WhiteElo "2446"]
[BlackElo "2306"]
[PlyCount "69"]
[EventDate "2021.??.??"]
[EventType "blitz"]

1. e4 e5 2. Nf3 d5 3. d4 dxe4 4. Nxe5 Nd7 5. Nxd7 Bxd7 6. c4 Nf6 7. Nc3 Bb4 8.
Be3 O-O 9. Be2 h6 10. O-O Bf5 11. Qb3 Bxc3 12. Qxc3 Bg6 13. b4 Qe7 14. a4 Rad8
15. d5 Nd7 16. Bxa7 b6 17. a5 Ra8 18. axb6 cxb6 19. c5 bxc5 20. bxc5 Rfc8 21.
c6 Ne5 22. Bc5 Qg5 23. Be3 Qf5 24. Rxa8 Rxa8 25. d6 Rc8 26. c7 Nd3 27. Rb1 Qd7
28. Rb8 Bf5 29. Rxc8+ Qxc8 30. h3 Kh7 31. Qd4 Qd7 32. Bg4 Bxg4 33. hxg4 g6 34.
Qxe4 Nc5 35. Bxc5 {Normal} 1-0

[Event "Rated Blitz game"]
[Site "?"]
[Date "2021.04.30"]
[Round "?"]
[White "thekinglear"]
[Black "Maltinho"]
[Result "1-0"]
[WhiteElo "2466"]
[BlackElo "2556"]
[PlyCount "90"]
[EventDate "2021.??.??"]
[EventType "blitz"]

1. e4 e5 2. Nf3 d5 3. exd5 Bd6 4. Bb5+ c6 5. dxc6 bxc6 6. Bc4 f5 7. d3 Nf6 8.
O-O Ba6 9. Bxa6 Nxa6 10. Re1 Qe7 11. Bf4 e4 12. Bxd6 Qxd6 13. Nc3 Nc5 14. dxe4
Qxd1 15. Raxd1 Ncxe4 16. Nxe4 fxe4 17. Ng5 O-O 18. Nxe4 Nd5 19. g3 Rab8 20. b3
a5 21. a4 Nb4 22. Rd2 Rbe8 23. Ree2 Re5 24. f4 Rd5 25. c3 Nd3 26. Nf2 Rfd8 27.
Nxd3 Rxd3 28. Rxd3 Rxd3 29. Rc2 Rd1+ 30. Kf2 Rb1 31. b4 axb4 32. cxb4 Rxb4 33.
Ra2 Kf7 34. a5 Rb7 35. a6 Ra7 36. Ke3 Ke6 37. Kd4 Kd6 38. Kc4 g6 39. g4 Ra8 40.
a7 Kc7 41. Kc5 Kb7 42. f5 gxf5 43. gxf5 Rf8 44. a8=Q+ Rxa8 45. Rxa8 Kxa8 {
Normal} 1-0

[Event "Rated Blitz game"]
[Site "?"]
[Date "2021.04.30"]
[Round "?"]
[White "freak1000"]
[Black "DarthZannah"]
[Result "0-1"]
[WhiteElo "2390"]
[BlackElo "2524"]
[PlyCount "56"]
[EventDate "2021.??.??"]
[EventType "blitz"]

1. e4 e5 2. Nf3 d5 3. Nxe5 dxe4 4. Nc4 Nf6 5. Ne3 Bd6 6. d4 O-O 7. Bc4 c6 8. c3
b5 9. Be2 a5 10. a4 Ba6 11. O-O b4 12. Bxa6 Nxa6 13. Nd2 Re8 14. Ndc4 Bc7 15.
Re1 Nd5 16. Bd2 Nf4 17. Qg4 Re6 18. g3 Rg6 19. Qf5 Nd3 20. Red1 Rf6 21. Qxe4
Nxf2 22. Qh4 Nxd1 23. Rxd1 bxc3 24. bxc3 Rb8 25. Ng4 Rg6 26. Qh5 Qd5 27. Nce5
Bxe5 28. Nxe5 f6 {Normal} 0-1